| 000 | 01247nam a2200253Ia 4500 | ||
|---|---|---|---|
| 003 | Ost | ||
| 005 | 20260507075644.0 | ||
| 008 | 260507s9999||||xx |||||||||||||| ||und|| | ||
| 020 | _a8765107977 | ||
| 040 | _cfsecg | ||
| 041 | _aara | ||
| 082 | _a510.01 | ||
| 100 |
_aليبشتز، سيمور _eمؤلف |
||
| 245 | 0 |
_aنظريات الفئة وموضوعات مرتبطة بها / _c سيمور ليبشتز |
|
| 250 | _aطبعة 2 | ||
| 260 |
_aالقاهرة: _bالدار الدولية للإستثمارات الثقافية, _c2001 |
||
| 300 |
_a404 صفحة؛ _bإيضاحات ؛ _c27 سم |
||
| 490 | _aسلسلة ملخصات شوم | ||
| 520 | _aالنظرية الأولية للفئات، الفئات والفئات الجزئية، عمليات الفئة الأساسية، فئات الأعداد، الدوال، العلاقات، الأعداد الرئيسية والمرتبة الإستقرار الموغل، الموضوعات المرتبطة، جبر الإفتراضات، المقاييس، علم جبر بول ، الأسباب المنطقية | ||
| 653 | _aالرياضيات | ||
| 653 | _aالمنطق | ||
| 700 |
_aحامد، عمار صلاح الدين _eمؤلف ثانوي |
||
| 942 | _cكتاب | ||
| 999 |
_c45453 _d45453 |
||